000
00375nam a2200133Ia 4500
008
100328s9999 xx 000 0 und d
082
_b
17473
100
_a
पंडित प्रकाश
245
_a
सोज-ओ-साज
260
_b
शिक्षा भारती
630
_a
सोज-ओ-साज
730
_a
सोज-ओ-साज
942
_c
BOOK
999
_c
512044
_d
512041